[Event "Stay Safe Play From Home 340"]
[Site "Emanuel Lasker Arena"]
[Date "2020.07.29"]
[Round "6"]
[White "Klasman"]
[Black "Trotsky"]
[Result "0-1"]
[WhiteElo "1306"]
[BlackElo "1541"]
[Annotator "NA RC"]
[PlyCount "40"]
[EventDate "2020.07.29"]
[EventType "swiss (blitz)"]

1. f4 {[%emt 0:00:02]} d5 {[%emt 0:00:01]} 2. Nf3 {[%emt 0:00:01]} e6 {[%emt 0:00:00]} 3. e3 {[%emt 0:00:01]} c5 {[%emt 0:00:01]} 4. c3 {[%emt 0:00:01]} Nc6 {[%emt 0:00:01]} 5. d4 {[%emt 0:00:01]} Bd6 {[%emt 0:00:01]} 6. Bd2 {[%emt 0:00:02]} c4 {[%emt 0:00:01]} 7. b3 {[%emt 0:00:01]} Qc7 {[%emt 0:00:01]} 8. bxc4 {[%emt 0:00:01]} Nf6 {[%emt 0:00:01]} 9. cxd5 {[%emt 0:00:02]} exd5 {[%emt 0:00:01]} 10. Bd3 {[%emt 0:00:02]} Be6 {[%emt 0:00:01]} 11. O-O {[%emt 0:00:01]} h5 {[%emt 0:00:01]} 12. Ne5 {[%emt 0:00:01]} Ng4 {[%emt 0:00:03]} 13. h3 {[%emt 0:00:03]} f6 {[%emt 0:00:02]} 14. Nxc6 {[%emt 0:00:03]} bxc6 {[%emt 0:00:02]} 15. hxg4 {[%emt 0:00:01]} hxg4 {[%emt 0:00:01]} 16. Bg6+ {[%emt 0:00:06]} Ke7 {[%emt 0:00:03]} 17. Qe2 {[%emt 0:00:04]} Rh6 {[%emt 0:00:01]} 18. Bd3 {[%emt 0:00:05]} g5 {[%emt 0:00:02]} 19. e4 {[%emt 0:00:07]} g3 {[%emt 0:00:03]} 20. f5 {[%emt 0:00:04]} Rah8 {[%emt 0:00:02] Time (Lag: Av=0.26s, max=0.3s) .} 0-1

[Event "Stay Safe Play From Home 340"]
[Site "Emanuel Lasker Arena"]
[Date "2020.07.29"]
[Round "7"]
[White "Mepe_Nika"]
[Black "Stefanone"]
[Result "0-1"]
[WhiteElo "2442"]
[BlackElo "2041"]
[Annotator "TA"]
[PlyCount "104"]
[EventDate "2020.07.29"]
[EventType "swiss (blitz)"]

{[%evp 12,104,69,46,53,63,49,0,58,21,47,35,65,46,108,111,162,104,104,73,85,33,68,77,108,84,145,103,193,97,99,87,111,98,431,398,451,411,886,831,1130,437,1404,0,0,0,0,-470,-404,-485,-379,-889,119,0,0,0,0,-29976,-29977,-29977,-29978,-29978,-29975,-29976,-29974,-29971,5285,-6444,-2611,-29973,6311,-29968,29976,29977,29990,29991,29994,29995,29995,29994,29995,29992,29992,29991,29992,0,29991,29985,29992,29985,29995,29987,29996,29988,29998]} 1. d4 d5 2. Bf4 c6 3. e3 e6 4. c4 f5 5. Nc3 Nf6 6. Nf3 Bd6 7. Qc2 Bxf4 {A84: Dutch Defence: 2 c4 Miscellaneous.} 8. exf4 O-O {[#]} 9. Ne5 $146 ({Predecessor:} 9. g3 Ne4 10. Be2 Nd7 11. O-O h6 12. b4 g5 13. fxg5 hxg5 14. Nxe4 dxe4 15. Ne1 {0-1 (38) Jurasek,M (2260)-Jurek,M (2104) Czechia 2014}) 9... Qe7 (9... dxc4 $11 10. Bxc4 Qxd4) 10. cxd5 exd5 11. Bd3 Ne4 12. O-O $36 {[%mdl 2048] White is pushing.} ({Much weaker is} 12. Bxe4 $6 fxe4 13. O-O Nd7 $11) 12... Nxc3 (12... Nd7 $14) 13. bxc3 $16 Nd7 (13... g6 $16) 14. Rfe1 (14. Bxf5 $18 g6 15. Bxd7 Bxd7 16. Qb3) 14... Nxe5 15. fxe5 g6 16. c4 (16. f4 $16) 16... Be6 17. c5 Qf7 18. a4 a5 (18... f4 $142) 19. Rab1 g5 (19... f4 $16) 20. Qd2 (20. f4 $18) 20... f4 21. Rb6 Ra7 22. Reb1 Qh5 $2 {[%mdl 8192]} (22... Qg7 $16 {is a better chance.}) 23. Rxb7 $18 Rxb7 24. Rxb7 f3 (24... Bf7 $142 25. Rc7 Bg6) 25. g3 Bf5 26. Bf1 (26. Bxf5 $142 Rxf5 27. Qxa5) 26... Bh3 (26... Ra8 $142 27. Qe3 g4) 27. Qxa5 $2 (27. Bxh3 $18 Kh8 28. Bf1) 27... Bxf1 $11 28. Qc7 {[%csl Gb7][%cal Rc7g7]} Qg6 {Threatens to win with ...Ba6.} 29. Qd6 $2 {[%mdl 8192]} (29. h4 $11 gxh4 30. Rb8) 29... Bh3 $19 {( -> ...Qe4)} 30. Qxg6+ hxg6 {[%mdl 4096] Endgame KRB-KR} 31. a5 $2 (31. Rb3 Ra8 32. Ra3) 31... Bc8 $2 ({Black should try} 31... Ra8 $19 32. Rb1 Rxa5) 32. Rb8 ({Only move:} 32. Ra7 $1 $16) 32... Ba6 33. Rxf8+ $1 ({Wrong is} 33. Rb6 $2 Bb5 $17) 33... Kxf8 $11 {KB-KP} 34. h4 $2 {[%mdl 8192]} (34. g4 $11) 34... g4 $1 35. Kh2 Kf7 36. Kg1 Kg7 37. Kh2 Kh6 38. Kg1 g5 $4 {[%mdl 8192]} (38... Bd3 {avoids the disaster.} 39. Kh1 Kg7 40. Kg1 Kf8 41. Kh1 Ba6 42. Kg1 Ke7 43. Kh2 Ke6 44. Kh1 Kf5 45. Kh2 Bc8 46. Kh1 Ke4 47. Kg1 Kxd4 48. e6 Bxe6 49. a6 Bc8 50. h5 gxh5 51. a7 Bb7 52. a8=Q Bxa8 53. Kf1 Kd3 54. Ke1 Bb7 55. Kf1 Kd2 56. Kg1 Ke2 57. Kh1 Kxf2 58. Kh2 Ba6 59. Kh1 Kxg3 60. Kg1 f2+ 61. Kh1 f1=Q#) 39. Kh2 $4 {[%mdl 8192]} (39. e6 $18 Kg7 40. h5) 39... gxh4 $19 40. gxh4 Kh5 $4 {[%mdl 8192]} (40... Bc8 $1 41. Kg3 Kh5 42. Kf4 Kxh4 43. a6 Bxa6 44. e6 Bc8 45. Ke5 g3 46. Kd6 Bxe6 $1 {[%mdl 512]} 47. fxg3+ Kxg3 48. Kxe6 Kf4 49. Kd6 Kf5 50. Kxc6 Ke6 51. Kb5 f2 52. Kb4 f1=Q 53. c6 Qe1+ 54. Kb3 Kd6 55. c7 Kxc7 56. Kb2 Kc6 57. Kb3 Kb5 58. Kc2 Kc4 59. Kb2 Qd2+ 60. Ka3 Qh2 61. Ka4 Qa2#) 41. Kg3 $4 {[%mdl 8192]} (41. e6 $18 Kg6 42. h5+ $1 {[%mdl 512]} Kf6 43. h6) 41... Bb5 $4 {[%mdl 8192]} (41... Bc8 42. Kf4 Kxh4 43. e6 Bxe6 44. a6 Bc8 45. a7 Bb7 46. Ke3 Kh3 47. Kd2 Kg2 48. Ke3 Kh3 49. Kf4 Ba8 50. Ke3 g3 51. Kxf3 g2 52. Kf4 g1=Q 53. f3 {[#]} Qf2 $1 {[%mdl 512]} 54. Kg5 Qxf3 55. Kh6 Qf6+ 56. Kh7 Qe7+ 57. Kh6 Kg4 58. Kg6 Kf4 59. Kh6 Kf5 60. Kh5 Qh7#) 42. e6 Ba6 43. e7 Bb5 44. e8=Q+ Kh6 45. Qd8 Kg7 46. Qc7+ Kf6 47. Qb6 Bc4 48. Qb5 $2 (48. a6 {mates} Kf5 49. Qxc6 Ke4 50. a7 Ba2 51. a8=Q Bc4 52. Qa3 Kf5 53. Qe3 Bf1 54. Qf4#) 48... Kf5 $2 {[%mdl 8192]} (48... Bxb5 $11 49. Kxg4 Be2) 49. a6 {White mates.} Ke4 50. a7 Kxd4 51. a8=Q Kd3 52. Qab7 d4 {[%mdl 32768] Accuracy: White = 38%, Black = 37%. . Loss on time!?} 0-1

[Event "Stay Safe Play From Home 340"]
[Site "Emanuel Lasker Arena"]
[Date "2020.07.29"]
[Round "7"]
[White "AChessPlayer"]
[Black "Little champs"]
[Result "0-1"]
[WhiteElo "2370"]
[BlackElo "2218"]
[Annotator "TA"]
[PlyCount "156"]
[EventDate "2020.07.29"]
[EventType "swiss (blitz)"]

{[%evp 13,155,-18,18,10,46,14,14,0,42,23,80,72,133,140,168,134,138,101,113,55,104,97,140,104,191,147,377,384,645,293,278,246,372,246,243,223,217,219,222,200,477,464,429,262,225,0,211,217,637,160,547,108,139,134,134,117,121,123,5473,170,167,172,162,95,113,59,108,99,200,197,278,278,265,276,418,25,25,24,52,-144,-143,-144,0,-136,83,-94,0,0,0,-233,-233,-213,-32,-728,-727,-29983,-703,-29987,-29988,-29992,-29993,-29993,-29994,-29994,-29979,-29977,-12845,-12845,-12846,-12845,-12845,-29985,-29986,-29989,-29988,-29989,-29990,-29990,-29991,-29990,-12850,-29994,-27999,-29992,-27999,-29989,-27999,-29989,-27999,-29992,-27999,-29991,-27999,-29991,-27999,-29991,-27999,-29992,-27999,-29997,-27999,-29998,-29999,-29999]} 1. Nf3 e6 2. g3 d5 3. Bg2 c5 4. O-O Nc6 5. d3 Nf6 6. Nbd2 Be7 7. e4 d4 8. e5 {C00: French: Unusual White 2nd moves.} Nd7 9. Qe2 O-O {[#]} 10. a4 $146 {[%cal Ba2a4,Ba4a5][%mdl 32] The position is equal.} ({Predecessor:} 10. Re1 Qc7 11. h4 Nb4 12. Nf1 b5 13. Bg5 Re8 14. Bxe7 Rxe7 15. Nxd4 Rb8 16. c3 cxd4 17. cxb4 {1-0 (44) Dastan,B (2390)-Gozubuyukoglu,S (1867) Antalya 2013}) 10... Rb8 11. Nc4 a6 (11... Nb6 $11 {remains equal.}) 12. a5 $16 Re8 (12... b5 $142 13. axb6 Nxb6) 13. h4 Nf8 14. h5 h6 15. Bf4 Nh7 16. Rfe1 (16. Nfd2 $16) 16... Ng5 17. Nfd2 Nh7 18. g4 Bg5 (18... Bd7 $16) 19. Bg3 f5 $2 (19... Bd7 $16 20. Ne4 Be7) 20. exf6 $18 Nxf6 $2 (20... e5 21. fxg7 (21. Bxe5 gxf6 22. Bc7 {[%mdl 64] Discovered Attack} Rxe2 $16) 21... Bf6) 21. Bxb8 (21. Bxc6 $142 bxc6 22. Bxb8) 21... Nxb8 22. Ne4 Nd5 (22... Nxe4 $142 23. Qxe4 Nc6) 23. Ned6 Nf4 24. Qe4 Rf8 25. Nxc8 Qxc8 26. Ne5 Nd7 $2 (26... Bh4 27. Rf1 Nc6 28. Nxc6 bxc6 29. Qxc6 Qd8) 27. Ng6 Nxg6 28. Qxg6 Nf6 29. Be4 $2 (29. Re5 $18) 29... e5 $2 (29... Qb8 $11 {and Black has nothing to worry.} 30. Re2 Qf4) 30. Bf5 Qc6 $2 (30... Qc7 31. Ra3 Bd2) 31. Re4 $2 (31. Rxe5 $18 {is the precise move to win. White threatens Re7 and mate.} Qc7 32. Re6) 31... c4 $2 (31... Re8 $16 32. Rae1 Nxe4 33. Qh7+ (33. Bxe4 Qxg6 34. Bxg6 Re7 $14) 33... Kf8 34. Qh8+ (34. Bxe4 Qe6 $16) (34. dxe4 Qf6 $11) 34... Ke7 35. Qxg7+ {[%mdl 64] Double Attack} Kd6) 32. Rae1 $2 (32. Rxe5 $18 {and the rest is easy. Re7 would kill now.} Qc7 33. Re2 cxd3 34. Bxd3) 32... Nxe4 33. Qh7+ ({Resist} 33. Rxe4 $6 Qxg6 34. hxg6 Re8 $14) 33... Kf7 {...Nd2 is the strong threat.} 34. Bxe4 Qf6 35. dxc4 Rh8 $2 {[%mdl 8192]} (35... Ke7 $16 36. Re2 Bf4) 36. Qg6+ $2 (36. Qxh8 Ke7 37. Bg6) 36... Qxg6 37. Bxg6+ {[%mdl 4160] Endgame Discovered Attack. KRB-KRB} Kf6 38. b3 ({Better is} 38. b4 $18) 38... Rc8 39. f3 (39. Be4 $16) 39... Be3+ 40. Kf1 Kg5 (40... Bd2 $16 {might work better.}) 41. Ke2 Kf4 (41... Rc7 $142 42. Be4 Rd7) 42. Be4 Rc7 43. Kd3 Rc5 (43... Kg3 {was necessary.} 44. Re2 Rf7) 44. c3 $2 ({White should play} 44. Ra1 $18) 44... Rxa5 $11 45. Bxb7 Ra2 {[%csl Ge3][%cal Ra2d2]} 46. cxd4 $2 (46. c5 $1 $14 {keeps the upper hand.} Rd2+ 47. Kc4) 46... Rd2+ $17 47. Kc3 exd4+ 48. Kb4 d3 $2 (48... Ra2 $1 $17 {keeps the pressure on. Strongly threatening ...Bd2+.} 49. Rh1 a5+ 50. Kb5 Rb2) 49. Be4 $2 (49. Kc3 $1 $16 {is necessary to keep the advantage.}) 49... Re2 (49... Bd4 $17 50. Rc1 Ke3) 50. Rd1 $11 d2 {And now ...Re1 would win.} 51. c5 $2 (51. Kc3 $1 $11 {and White is okay.}) 51... Re1 $19 52. Bc2 {[#] Threatening c6.} Kxf3 $2 (52... Bxc5+ $1 $19 {[%mdl 512]} 53. Kxc5 Ke3) 53. Kc4 $2 {[%mdl 8192]} (53. c6 $15 Bf4 {[#]} 54. c7 $1 {[%mdl 512]} Bd6+ 55. Kc4 Bxc7 56. Rxd2) 53... Ke2 54. c6 Bb6 (54... Rxd1 $142 55. Kd5 Rc1 56. Bd1+ Rxd1 57. c7 Rc1 58. Ke6 d1=Q 59. c8=Q Rxc8 60. b4 Rc7 61. g5 Bxg5 62. Ke5 Qd3 63. Ke6 Re7#) 55. Kc3 Rxd1 56. Bd3+ Ke1 57. Bc2 {[#]} Rc1 $1 58. Kd3 d1=Q+ 59. Bxd1 Rxd1+ (59... Kxd1 $142 60. Ke4 a5 61. g5 hxg5 62. Kd5 g4 63. Ke4 g3 64. Kf3 Bc7 65. b4 axb4 66. Ke4 b3 67. Kd5 b2 68. Ke6 b1=Q 69. Kd7 Qf5+ 70. Kxc7 Qb5 71. Kd8 Rxc6 72. Ke8 Rc7+ 73. Kf8 Qb8#) 60. Ke4 Rd6 61. Kf5 Rxc6 62. g5 Rc5+ 63. Ke6 Rxg5 64. Kd6 Rxh5 65. Kc6 Rb5 66. Kb7 Rxb3 (66... Bd4+ $142 67. Kc7 h5 68. Kd6 h4 69. Ke7 h3 70. Kf8 h2 71. Ke8 h1=Q 72. Ke7 Qd5 73. Kf8 Rb8+ 74. Ke7 Bf6#) 67. Kxa6 Re3 {Black mates.} 68. Kb7 g5 69. Kc6 Ba5 70. Kd5 Ke2 71. Kc4 Kf3 72. Kd4 g4 73. Kd5 g3 74. Kc6 g2 75. Kb5 g1=Q 76. Ka6 Qb1 {[%csl Ga5][%cal Rb1b6]} 77. Ka7 Re7+ 78. Ka6 Qb6# {Accuracy: White = 34%, Black = 24%.} 0-1

[Event "Stay Safe Play From Home 340"]
[Site "Emanuel Lasker Arena"]
[Date "2020.07.29"]
[Round "7"]
[White "SoulofWolf"]
[Black "Lamborghini"]
[Result "0-1"]
[WhiteElo "2099"]
[BlackElo "2259"]
[Annotator "TA"]
[PlyCount "62"]
[EventDate "2020.07.29"]
[EventType "swiss (blitz)"]

{[%evp 9,61,0,25,-13,20,0,11,0,22,29,19,0,0,0,0,0,0,-81,-98,-282,-283,-289,-291,-293,-269,-540,-530,-529,-527,-611,-516,-622,-608,-1396,-1374,-2699,-1369,-1658,-1005,-1424,-1007,-1579,-1519,-29986,-29987,-29987,-29988,-29990,-2272,-2287,-1887,-29999,-29999,-29999]} 1. d4 Nf6 2. Nf3 g6 3. b3 Bg7 4. Bb2 O-O 5. Nbd2 d5 6. h3 {[#] A48: 1 d4 Nf6 2 Nf3 g6: Torre, London and Colle Systems.} c6 $146 ({Predecessor:} 6... Bf5 7. Ne5 Nc6 8. e3 Nb4 9. Nd3 Nxd3+ 10. cxd3 c6 11. Qc2 Qb6 12. Be2 Rfe8 {0-1 (48) Veljkovic,V (2180)-Mandic,M (1894) Kac 2016}) 7. a4 Bf5 8. e3 {The position is equal.} a5 9. Be2 Na6 10. g4 Be6 11. Ng5 Bc8 12. O-O Nd7 13. c3 (13. f4 $11) 13... e5 $17 14. dxe5 $2 {This costs White the game.} (14. Ngf3 $17 {was called for.}) 14... Qxg5 $19 15. f4 Qe7 16. Nf3 f6 {And now ...Nac5 would win.} 17. exf6 $2 (17. Bxa6 Rxa6 18. Ba3) 17... Qxe3+ {[%mdl 64] [#] Double Attack} 18. Kg2 Nxf6 19. Bc1 Qe7 20. Re1 {Now Bxa6 and White clings on.} Ne4 21. Bb2 Rxf4 22. Rc1 Qf7 23. Rc2 Bd7 24. Bc1 Rf8 25. Bxf4 Qxf4 26. Rf1 Qg3+ 27. Kh1 Qxh3+ 28. Kg1 Qg3+ (28... Qxg4+ $142 29. Kh1 Ng3+ {[%mdl 64] Double Attack} 30. Kg1 Nxf1+ 31. Kh1 Ng3+ 32. Kh2 Nxe2 33. Qxe2 Rxf3 {[%mdl 64] Remove Defender, Overworked Piece} 34. Qxf3 Be5+ 35. Qg3 Qxg3+ 36. Kh1 Bg4 37. Rg2 Qh4+ 38. Kg1 Qe1#) 29. Kh1 Bxg4 {[#] ( -> ...Rf5)} 30. Rg1 Qh3+ 31. Nh2 Nf2# {Accuracy: White = 39%, Black = 82%.} 0-1

[Event "Stay Safe Play From Home 340"]
[Site "Emanuel Lasker Arena"]
[Date "2020.07.29"]
[Round "7"]
[White "Cirovicz"]
[Black "Klasman"]
[Result "1-0"]
[WhiteElo "1928"]
[BlackElo "1299"]
[Annotator "TA"]
[PlyCount "43"]
[EventDate "2020.07.29"]
[EventType "swiss (blitz)"]

{[%evp 9,43,-53,-37,-41,-33,-133,0,-369,-371,-196,-360,-450,-400,-757,-746,-753,-741,-893,-815,-2316,-2304,-2718,-2658,-2668,-2629,-2666,-2620,-3368,-3364,-3006,-2973,-29987,-29988,-29990,-29990,-29990]} 1. e4 f5 2. f3 fxe4 3. fxe4 {[#]} Nf6 $146 ({Predecessor:} 3... e6 4. Nf3 Nc6 5. d4 Nf6 6. Bd3 d5 7. e5 Ne4 8. Qe2 b6 9. Nbd2 Be7 10. Nxe4 dxe4 11. Bxe4 {1-0 (41) Dogan,S (1341)-Alper,E (1438) Antalya 2014}) 4. Nf3 Nxe4 5. Bd3 Nf6 6. O-O {next Ng5 is good for White. B00: Queen's Fianchetto Defence, Nimzowitsch Defence.} d5 7. Ne5 ({Better is} 7. Qe1 $15) 7... c5 (7... e6 $17 8. Be2 Nbd7) 8. Ng6 $2 {[%mdl 8192] [#]} (8. Qe2 $11 {and White has nothing to worry.} Qb6 9. c4) 8... hxg6 $19 9. Bxg6+ Kd7 10. Qf3 Qc7 11. d4 (11. h3 $142) 11... Qxh2+ 12. Kf2 Qh4+ 13. Ke2 Nc6 14. Bf4 Nxd4+ {[%mdl 64] [#] Double Attack} 15. Kd3 Nxf3 16. Rxf3 Qg4 17. Nd2 Qxg6+ 18. Ke2 Qxg2+ 19. Rf2 Qg4+ 20. Nf3 Qxf4 21. Rd1 Qe4+ 22. Kd2 {[%mdl 32768] Sensor Board Error (Ke4/e5)?} 1-0

[Event "Stay Safe Play From Home 340"]
[Site "Emanuel Lasker Arena"]
[Date "2020.07.29"]
[Round "7"]
[White "buzaglo"]
[Black "Lazieri3"]
[Result "0-1"]
[WhiteElo "1803"]
[BlackElo "2112"]
[Annotator "TA"]
[PlyCount "128"]
[EventDate "2020.07.29"]
[EventType "swiss (blitz)"]

{[%evp 9,128,-2,40,0,0,-90,-28,-37,-54,-231,-33,-10,-25,-14,58,56,43,-31,-33,-33,9,4,0,8,79,10,11,0,24,34,62,0,0,-16,-18,-106,-105,-97,-74,-79,-77,-97,-52,-241,-250,-235,-174,-175,-102,-114,-101,-100,-91,-93,-95,-97,-72,-74,-74,-55,-7,-8,-7,-8,0,0,0,0,0,0,0,0,0,0,0,0,0,0,0,0,8,0,8,0,8,-1410,-65,-169,-169,-1357,-1263,-29974,-29975,-29974,-29974,-12379,-991,-29982,-29981,-29981,-29982,-29984,-29985,-29985,-29986,-29986,-29987,-29988,-29989,-29997,-29996,-29996,-29994,-29994,-29994,-29994,-29994,-29995,-29996,-29996,-29996]} 1. d4 c6 2. Nf3 d5 3. g3 Nf6 4. Bg2 Bf5 5. O-O Qc8 {[#]} 6. Nh4 $146 {D02: 1 d4 d5 2 Nf3 sidelines, including 2...Nf6 3 g3 and 2...Nf6 3 Bf4.} ({Predecessor:} 6. Re1 Bh3 7. Bh1 h5 8. Bf4 h4 9. gxh4 Nbd7 10. Nbd2 Ne4 11. Nxe4 dxe4 12. Ng5 Bf5 13. Nxe4 Bxe4 14. Bxe4 Rxh4 {0-1 (27) Saim,B (1897)-Seddaoui,Y (2144) Bejaia 2020}) 6... Bh3 7. e4 (7. Nf3 $11) 7... dxe4 ({Black should play} 7... Nxe4 $17 8. f3 Bxg2 9. Nxg2 Nf6) 8. c4 {Black has an edge.} h6 9. Nc3 $2 (9. f4 $15) 9... Bxg2 $2 ({Black should try} 9... g5 $19 10. Qb3 b6) 10. Nxg2 $15 Qh3 11. Nf4 Qg4 (11... Qf5 $11) 12. Qxg4 Nxg4 13. h3 (13. Nxe4 $14 Nd7 14. f3) 13... Nf6 14. Re1 e6 (14... g5 $5 {[%cal Rg5f4]} 15. Ng2 Nbd7 $11) 15. Nxe4 Nxe4 16. Rxe4 Bb4 {[#]} (16... Bd6 $11) 17. a3 (17. d5 $1 $16) 17... Bd6 $11 18. b4 Bxf4 19. Bxf4 O-O 20. Bd6 (20. d5 $14) 20... Rd8 21. c5 Nd7 22. f4 (22. a4 $11) 22... Nf6 $17 23. Ree1 Nd5 24. Kg2 Rd7 25. Kf3 a5 26. Rab1 $2 (26. b5 $15) 26... axb4 $19 27. axb4 Ra3+ 28. Kf2 Rd8 (28... Nc3 $19 29. Rb2 f5) 29. b5 Rda8 30. bxc6 bxc6 31. Rb8+ Rxb8 32. Bxb8 $17 {[%mdl 4096] Endgame KRB-KRN} Rd3 33. Be5 f6 34. Bd6 Rxd4 35. Rxe6 Kf7 36. Re2 Nb4 37. f5 Nd3+ 38. Ke3 Rd5 39. Rd2 Nb4 40. Rxd5 (40. Rb2 {keeps more tension.} Na6 41. Rb6 Nxc5 42. Rxc6 Ke8 43. Rxc5 Rxd6 44. g4) 40... Nxd5+ $11 {KB-KN} 41. Ke4 g6 42. g4 Nc3+ 43. Kd3 Nd5 44. Ke4 h5 45. gxh5 g5 46. h4 {[#] aiming for hxg5.} gxh4 47. Kd3 $2 {[%mdl 8192]} (47. Kf3 $11) 47... h3 $2 ({Better is} 47... Kg7 $19 {Hoping for ...Kh6.} 48. Ke2 Kh6) 48. h6 (48. Ke4 $15) 48... Kg8 $19 49. Bh2 $2 (49. Ke2) 49... Kh7 50. Kc4 Kxh6 51. Kd3 Kg5 52. Ke2 Kxf5 (52... Kg4 $142 53. Kf2 Nc3) 53. Kf1 Ke4 {Black mates.} 54. Bd6 Ne3+ 55. Kg1 Ng4 56. Kh1 f5 57. Kg1 f4 58. Kh1 f3 59. Bf4 Kxf4 60. Kg1 Kg3 61. Kf1 f2 62. Ke2 Kg2 63. Kd1 f1=Q+ 64. Kc2 Qf3 {Accuracy: White = 53%, Black = 57%.} 0-1

[Event "Stay Safe Play From Home 340"]
[Site "Emanuel Lasker Arena"]
[Date "2020.07.29"]
[Round "7"]
[White "Trotsky"]
[Black "Padmaesh M K"]
[Result "0-1"]
[WhiteElo "1548"]
[BlackElo "1737"]
[Annotator "NA RC"]
[PlyCount "56"]
[EventDate "2020.07.29"]
[EventType "swiss (blitz)"]

1. d4 {[%emt 0:00:01]} Nf6 {[%emt 0:00:01]} 2. e3 {[%emt 0:00:00]} d5 {[%emt 0:00:01]} 3. c4 {[%emt 0:00:00]} Bg4 {[%emt 0:00:00]} 4. f3 {[%emt 0:00:01]} Be6 {[%emt 0:00:01]} 5. c5 {[%emt 0:00:01]} c6 {[%emt 0:00:01]} 6. Nc3 {[%emt 0:00:01]} Bc8 {[%emt 0:00:01]} 7. Bd3 {[%emt 0:00:01]} Nbd7 {[%emt 0:00:00]} 8. Qc2 {[%emt 0:00:01]} e6 {[%emt 0:00:00]} 9. Bd2 {[%emt 0:00:01]} Be7 {[%emt 0:00:00]} 10. h4 {[%emt 0:00:01]} b6 {[%emt 0:00:01]} 11. O-O-O {[%emt 0:00:02]} bxc5 {[%emt 0:00:01]} 12. Nh3 {[%emt 0:00:01]} c4 {[%emt 0:00:01]} 13. Be2 {[%emt 0:00:01]} a5 {[%emt 0:00:01]} 14. Kb1 {[%emt 0:00:01]} Ba6 {[%emt 0:00:03]} 15. Ka1 {[%emt 0:00:01]} Bb5 {[%emt 0:00:01]} 16. g4 {[%emt 0:00:04]} a4 {[%emt 0:00:01]} 17. e4 {[%emt 0:00:01]} Nb6 {[%emt 0:00:03]} 18. e5 {[%emt 0:00:04]} Nfd7 {[%emt 0:00:02]} 19. f4 {[%emt 0:00:01]} c5 {[%emt 0:00:01]} 20. f5 {[%emt 0:00:01]} cxd4 {[%emt 0:00:01]} 21. f6 {[%emt 0:00:03]} dxc3 {[%emt 0:00:04]} 22. Bxc3 {[%emt 0:00:04]} Bc5 {[%emt 0:00:02]} 23. fxg7 {[%emt 0:00:02]} Rg8 {[%emt 0:00:00]} 24. Ng5 {[%emt 0:00:02]} h6 {[%emt 0:00:01]} 25. Nxe6 {[%emt 0:00:02]} fxe6 {[%emt 0:00:01]} 26. Qg6+ {[%emt 0:00:01]} Ke7 {[%emt 0:00:00]} 27. Rhf1 {[%emt 0:00:09]} Qe8 {[%emt 0:00:02]} 28. Rf3 {[%emt 0:00:03]} Qxg6 {[%emt 0:00:02] Trotsky Ñäàåòñÿ (Lag: Av=0.36s, max=0.6s)} 0-1

[Event "Stay Safe Play From Home 340"]
[Site "Emanuel Lasker Arena"]
[Date "2020.07.29"]
[Round "7"]
[White "Mamba2001de"]
[Black "Edmatuag"]
[Result "0-1"]
[WhiteElo "1503"]
[BlackElo "1705"]
[Annotator "NA"]
[PlyCount "42"]
[EventDate "2020.07.29"]
[EventType "swiss (blitz)"]

1. e4 {[%emt 0:00:01]} d6 {[%emt 0:00:00]} 2. Nf3 {[%emt 0:00:01]} c6 {[%emt 0:00:00]} 3. c3 {[%emt 0:00:01]} Nd7 {[%emt 0:00:00]} 4. d4 {[%emt 0:00:01]} Qc7 {[%emt 0:00:00]} 5. Be3 {[%emt 0:00:01]} e5 {[%emt 0:00:00]} 6. Be2 {[%emt 0:00:01]} g6 {[%emt 0:00:01]} 7. O-O {[%emt 0:00:01]} Bg7 {[%emt 0:00:00]} 8. Nbd2 {[%emt 0:00:01]} Ne7 {[%emt 0:00:00]} 9. Nb3 {[%emt 0:00:01]} h6 {[%emt 0:00:01]} 10. Rc1 {[%emt 0:00:02]} O-O {[%emt 0:00:01]} 11. c4 {[%emt 0:00:01]} f5 {[%emt 0:00:01]} 12. d5 {[%emt 0:00:01]} f4 {[%emt 0:00:01]} 13. dxc6 {[%emt 0:00:02]} fxe3 {[%emt 0:00:03]} 14. cxd7 {[%emt 0:00:01]} exf2+ {[%emt 0:00:01]} 15. Rxf2 {[%emt 0:00:01]} Bxd7 {[%emt 0:00:01]} 16. c5 {[%emt 0:00:01]} dxc5 {[%emt 0:00:04]} 17. Nxc5 {[%emt 0:00:01]} Bc6 {[%emt 0:00:07]} 18. Nd3 {[%emt 0:00:02]} Qb6 {[%emt 0:00:02]} 19. Kf1 {[%emt 0:00:02]} Bxe4 {[%emt 0:00:03]} 20. Ndxe5 {[%emt 0:00:06]} Bxe5 {[%emt 0:00:02]} 21. Nxe5 {[%emt 0:00:01]} Qxf2# {[%emt 0:00:01] (Lag: Av=0.51s, max=1.0s)} 0-1